[Event "OLNN 1819 Schachfreunde HH- HSK 3"]
[Site "Hamburg"]
[Date "2019.03.24"]
[Round "8.8"]
[White "Dietz, Jürgen"]
[Black "Malkiel, Daniel"]
[Result "1-0"]
[WhiteElo "2164"]
[BlackElo "2194"]
[PlyCount "79"]
[EventDate "2018.??.??"]
[WhiteTeam "Schachfreunde HH"]
[BlackTeam "Hamburger SK 3"]

1. f4 Nh6 2. Nf3 d5 3. b3 c5 4. e3 e6 5. Bb2 Nc6 6. Bb5 Bd7 7. O-O f6 8. Qe2
Bd6 9. e4 O-O 10. e5 fxe5 11. Bxc6 Bxc6 12. Nxe5 Bxe5 13. Bxe5 Qd7 14. a4 Nf7
15. Nc3 d4 16. Ne4 Qd5 17. Rae1 Nxe5 18. fxe5 Rxf1+ 19. Qxf1 Rf8 20. Qc4 Qxe5
21. Qxc5 Qf4 22. g3 Qf3 23. Qxd4 Bxe4 24. Qxe4 Qf2+ 25. Kh1 Rf6 26. Qe2 Kf7 27.
c3 Qb6 28. Qb5 Qc7 29. Kg2 Rf5 30. Rf1 g6 31. Qc4 Qd6 32. d4 h5 33. Qc5 Qxc5
34. dxc5 Kf6 35. b4 Rxf1 36. Kxf1 Ke5 37. Ke2 Ke4 38. a5 a6 39. b5 Kd5 40. c6
1-0

[Event "OLNN 1819 Preetzer TSV - SF Schwerin"]
[Site "?"]
[Date "2019.04.07"]
[Round "9.1"]
[White "Brynell, Stellan"]
[Black "Ochsner, Bjorn Moller"]
[Result "0-1"]
[WhiteElo "2406"]
[BlackElo "2486"]
[PlyCount "66"]
[EventDate "2019.??.??"]

1. d4 Nf6 2. c4 e6 3. Nf3 d5 4. g3 Bb4+ 5. Bd2 Be7 6. Bg2 O-O 7. O-O Nbd7 8.
Qc2 Ne4 9. Nc3 Nxd2 10. Nxd2 c6 11. e4 dxc4 12. Nxc4 Nb6 13. Nxb6 Qxb6 14. Rfd1
e5 15. dxe5 Bg4 16. Rd3 Qc5 17. h3 Be6 18. Kh2 Qxe5 19. f4 Qc5 20. Rad1 Rad8
21. Rxd8 Rxd8 22. a3 Rxd1 23. Qxd1 Qf2 24. Qe2 Qd4 25. Qd1 Bc5 26. Qxd4 Bxd4
27. Bf1 a5 28. Kg2 b5 29. Nd1 Bb3 30. Be2 a4 31. Kf1 b4 32. Ke1 Bxb2 33. axb4
a3 0-1

[Event "OLNN 1819 Preetzer TSV - SF Schwerin"]
[Site "?"]
[Date "2019.04.07"]
[Round "9.2"]
[White "Hansen, Mads"]
[Black "Seres, Lajos"]
[Result "1/2-1/2"]
[WhiteElo "2410"]
[BlackElo "2433"]
[PlyCount "50"]
[EventDate "2019.??.??"]

1. e4 c5 2. Nf3 Nc6 3. Bb5 g6 4. Bxc6 bxc6 5. O-O Bg7 6. Re1 Nh6 7. Nc3 O-O 8.
d3 d6 9. h3 e5 10. a3 a5 11. Na4 f5 12. Bd2 Nf7 13. c4 Be6 14. Qc2 Qf6 15. Nc3
f4 16. Qa4 Rfe8 17. Kf1 h5 18. Ke2 g5 19. Rh1 Bd7 20. Rag1 Rec8 21. Bc1 Ra7 22.
Qc2 Nd8 23. g4 hxg4 24. hxg4 Ne6 25. Na4 Raa8 1/2-1/2

[Event "OLNN 1819 Preetzer TSV - SF Schwerin"]
[Site "?"]
[Date "2019.04.07"]
[Round "9.3"]
[White "De Jong, Migchiel"]
[Black "Pedersen, Steffen"]
[Result "1/2-1/2"]
[WhiteElo "2337"]
[BlackElo "2322"]
[PlyCount "104"]
[EventDate "2019.??.??"]

1. Nf3 d5 2. d4 Nf6 3. c4 e6 4. g3 dxc4 5. Bg2 c5 6. O-O Nc6 7. Ne5 Bd7 8. Na3
cxd4 9. Naxc4 Nd5 10. Nxc6 Bxc6 11. Qxd4 Nb4 12. Bxc6+ Nxc6 13. Qe4 Qd5 14.
Qxd5 exd5 15. Ne3 d4 16. Ng2 Be7 17. Bd2 O-O 18. Rfd1 Rfe8 19. Rac1 Rad8 20.
Ne1 h5 21. Nd3 Bd6 22. Kf1 h4 23. Rc4 hxg3 24. hxg3 Bf8 25. Bb4 Rd5 26. Bxf8
Kxf8 27. Rd2 Red8 28. b4 a5 29. Rb2 axb4 30. Nxb4 Ne5 31. Rc7 R5d7 32. Rc5 Ng6
33. Rb5 Ra8 34. Nd3 Kg8 35. Nc5 Rdd8 36. a4 b6 37. Nb3 Rd6 38. Ra2 Ne7 39. Rb4
d3 40. exd3 Rxd3 41. Rxb6 Nd5 42. Rb7 Nc3 43. Rc2 Rxa4 44. Nc5 Rd1+ 45. Kg2 Rc4
46. Nd7 f6 47. Ra7 Rc6 48. Nb8 Rc8 49. Rb7 Rdd8 50. Nd7 Nd5 51. Rxc8 Rxc8 52.
Rb8 Rxb8 1/2-1/2

[Event "OLNN 1819 Preetzer TSV - SF Schwerin"]
[Site "?"]
[Date "2019.04.07"]
[Round "9.4"]
[White "Dyrgaard, Kristoffer"]
[Black "Kesten, Sebastian"]
[Result "1/2-1/2"]
[WhiteElo "2306"]
[BlackElo "2292"]
[PlyCount "86"]
[EventDate "2019.??.??"]

1. e4 c5 2. Nf3 Nc6 3. d4 cxd4 4. Nxd4 g6 5. Nc3 Bg7 6. Nde2 Nf6 7. g3 O-O 8.
Bg2 Rb8 9. a4 a6 10. O-O d6 11. Nd5 Nd7 12. c3 b6 13. Be3 e6 14. Ndf4 Nde5 15.
Nd4 Qc7 16. Nxc6 Nxc6 17. Qe2 Ne7 18. Nd3 Bb7 19. Nb4 Ra8 20. Rfd1 a5 21. Nc2
Ba6 22. Qd2 Rfd8 23. Bf4 Be5 24. Na3 Rac8 25. Qe3 Bxf4 26. Qxf4 d5 27. Qxc7
Rxc7 28. Rd2 Rcd7 29. Rad1 Bb7 30. Nc4 Nc8 31. exd5 Bxd5 32. Ne3 Ne7 33. Nxd5
Nxd5 34. Bxd5 Rxd5 35. Rxd5 exd5 36. Rd4 Kf8 37. c4 Ke7 38. cxd5 Kd6 39. b3 Kc5
40. Rc4+ Kxd5 41. Rc7 Ke6 42. Rb7 Rd6 43. Kf1 h5 1/2-1/2

[Event "OLNN 1819 Preetzer TSV - SF Schwerin"]
[Site "?"]
[Date "2019.04.07"]
[Round "9.5"]
[White "Reichmann, Hendrik"]
[Black "Schwarz, Frank"]
[Result "1/2-1/2"]
[WhiteElo "2344"]
[BlackElo "2221"]
[PlyCount "47"]
[EventDate "2019.??.??"]

1. d4 Nf6 2. Bf4 d5 3. e3 e6 4. Nd2 c5 5. c3 Bd6 6. Bg3 Qc7 7. Bd3 Nbd7 8. Bxd6
Qxd6 9. f4 b6 10. Ngf3 Bb7 11. Ne5 Qe7 12. Qf3 cxd4 13. exd4 Nxe5 14. fxe5 Ne4
15. Bxe4 dxe4 16. Qf4 f5 17. exf6 Qxf6 18. O-O O-O 19. Qe3 Qg6 20. Rfe1 e5 21.
dxe5 Rae8 22. Qg3 Qxg3 23. hxg3 Rxe5 24. Nc4 1/2-1/2

[Event "OLNN 1819 Preetzer TSV - SF Schwerin"]
[Site "?"]
[Date "2019.04.07"]
[Round "9.6"]
[White "Reinecker, Kai"]
[Black "Schulz, Karsten"]
[Result "*"]
[WhiteElo "2273"]
[BlackElo "2238"]
[PlyCount "37"]
[EventDate "2019.??.??"]

1. e4 g6 2. d4 Bg7 3. Nc3 d6 4. Be3 a6 5. Qd2 Nd7 6. a4 b6 7. f4 e6 8. Be2 Bb7
9. Nf3 Ne7 10. O-O O-O 11. Rad1 Nf6 12. Ng5 h6 13. e5 Nfd5 14. Nxd5 Nxd5 15.
Ne4 Nxe3 16. Qxe3 Qe7 17. Bf3 dxe5 18. dxe5 Bxe4 19. Bxe4 *

[Event "OLNN 1819 Preetzer TSV - SF Schwerin"]
[Site "?"]
[Date "2019.04.07"]
[Round "9.7"]
[White "Wolf, Christoph"]
[Black "Junge, Kai"]
[Result "1/2-1/2"]
[WhiteElo "2230"]
[BlackElo "2187"]
[PlyCount "104"]
[EventDate "2019.??.??"]

1. e4 Nf6 2. e5 Nd5 3. d4 d6 4. c4 Nb6 5. exd6 cxd6 6. Nc3 g6 7. h3 Bg7 8. Nf3
O-O 9. Be2 Nc6 10. O-O Bf5 11. a3 e5 12. Bg5 f6 13. Be3 Kh8 14. dxe5 Nxe5 15.
b3 Be6 16. Nd4 Bg8 17. f4 Nc6 18. f5 Re8 19. Qd2 Qe7 20. Bf2 d5 21. cxd5 Nxd5
22. Nxc6 bxc6 23. Rfe1 Qb7 24. Bc4 Qd7 25. fxg6 hxg6 26. Bd4 Nxc3 27. Qxc3 f5
28. Rad1 Rad8 29. Bf6 Qxd1 30. Rxd1 Rxd1+ 31. Kh2 Rd7 32. Bxg8 Rxg8 33. Qxc6
Rf7 34. Bxg7+ Rgxg7 35. b4 Kh7 36. b5 Rc7 37. Qf3 Rce7 38. a4 Rb7 39. h4 Rbf7
40. Qb3 Re7 41. a5 Rd7 42. Qb1 Rdf7 43. b6 axb6 44. axb6 Kh8 45. Qb5 Kg8 46.
Kg3 Kh7 47. Kf4 Kh6 48. Qe8 Kh7 49. Kg5 f4 50. Qc6 Rf5+ 51. Kg4 Rff7 52. Kf3
Kh8 1/2-1/2

[Event "OLNN 1819 Preetzer TSV - SF Schwerin"]
[Site "?"]
[Date "2019.04.07"]
[Round "9.8"]
[White "Light, Bjarne"]
[Black "Westphal, Wolfgang"]
[Result "1-0"]
[WhiteElo "2195"]
[BlackElo "2149"]
[PlyCount "95"]
[EventDate "2019.??.??"]

1. d4 Nf6 2. Nf3 e6 3. Bf4 c5 4. e3 Nd5 5. Bg3 Qb6 6. Qc1 cxd4 7. exd4 Nc6 8.
c3 Nf6 9. Nbd2 d5 10. h3 Ne7 11. Bd3 Ng6 12. O-O Bd6 13. Ne5 Bxe5 14. Bxe5 Nxe5
15. dxe5 Nd7 16. Nf3 O-O 17. Qc2 h6 18. Qe2 Nc5 19. Bc2 Bd7 20. Nd4 Qa6 21. Qe3
Rac8 22. f4 Qb6 23. Rf2 Qd8 24. Raf1 Qe7 25. Rf3 f5 26. exf6 Rxf6 27. Re1 Qd6
28. b4 Ne4 29. Bxe4 dxe4 30. Qxe4 Bc6 31. Nxc6 Rxc6 32. Ree3 Qc7 33. Rd3 Rc4
34. Rd8+ Qxd8 35. Qxc4 Kh8 36. Rd3 Qb8 37. Rd4 b5 38. Qd3 Rf8 39. Qe4 Qc7 40.
c4 bxc4 41. Rxc4 Qf7 42. a4 Qf6 43. b5 Qa1+ 44. Kh2 Qf1 45. Rd4 Qf2 46. Rd7
Rxf4 47. Qg6 Qd4 48. Rxd4 1-0

[Event "OLNN 1819 SK Marmstorf - SC Diogenes"]
[Site "?"]
[Date "2019.04.07"]
[Round "9.2"]
[White "Hawellek, Jeronimo"]
[Black "Schulenburg, Fabian"]
[Result "0-1"]
[WhiteElo "2272"]
[BlackElo "2281"]
[PlyCount "108"]
[EventDate "2019.??.??"]

1. d4 d5 2. c4 c6 3. Nc3 Nf6 4. e3 Bf5 5. cxd5 cxd5 6. Qb3 Bc8 7. Nf3 Nc6 8.
Ne5 e6 9. f4 Bd6 10. Bd3 O-O 11. O-O Nd7 12. Bd2 Ndxe5 13. fxe5 Be7 14. Rf3 f5
15. exf6 Rxf6 16. Raf1 Bd7 17. Rxf6 Bxf6 18. Nxd5 exd5 19. Qxd5+ Kh8 20. Qh5
Qg8 21. Bc3 Be8 22. Qc5 b6 23. Qa3 Be7 24. Qa6 Qe6 25. e4 Nb4 26. Qc4 Qxc4 27.
Bxc4 Bg6 28. a3 Nc2 29. Rf2 Ne3 30. Ba6 Nd1 31. Re2 Nxc3 32. bxc3 Kg8 33. e5
Rf8 34. h3 Rf4 35. a4 Kf8 36. Bb5 h5 37. Kh2 h4 38. d5 Bc5 39. d6 Re4 40. g3
hxg3+ 41. Kxg3 Rxe2 42. Bxe2 Be8 43. Bd1 Bf7 44. Kf4 Be6 45. h4 Bf2 46. h5 Be1
47. Bg4 Kf7 48. d7 Bh4 49. Bf5 Bd8 50. Be4 Bxd7 51. Bd5+ Be6 52. c4 Be7 53. Ke4
Bc5 54. Kf4 Ke7 0-1

[Event "OLNN 1819 SK Marmstorf - SC Diogenes"]
[Site "?"]
[Date "2019.04.07"]
[Round "9.3"]
[White "Schulenburg, Torben"]
[Black "Ramme, Christoph"]
[Result "1/2-1/2"]
[WhiteElo "2162"]
[BlackElo "2154"]
[PlyCount "101"]
[EventDate "2019.??.??"]

1. d4 Nf6 2. c4 e6 3. Nc3 Bb4 4. Qc2 O-O 5. e4 d5 6. e5 Ne4 7. Bd3 c5 8. a3 Ba5
9. Bxe4 dxe4 10. dxc5 Qd4 11. b4 Bc7 12. Bb2 Qxe5 13. Nb5 Qg5 14. Qxe4 f5 15.
Nh3 Qe7 16. Qe2 Nc6 17. f4 e5 18. O-O e4 19. Rad1 b6 20. Nxc7 Qxc7 21. b5 Na5
22. c6 Be6 23. Rd4 h6 24. Rfd1 Qf7 25. Qc2 Rfe8 26. Qc3 Re7 27. c5 Nc4 28. cxb6
axb6 29. Rd8+ Re8 30. Rxa8 Rxa8 31. Nf2 Qe7 32. Rd7 Bxd7 33. Qxc4+ Be6 34. Qd4
Rxa3 35. Bxa3 Qxa3 36. Nd1 Qb3 37. Nc3 Qb2 38. Qe3 Kf7 39. h3 Ke7 40. Kh2 Qb4
41. g4 Qc4 42. Kg3 Qd3 43. Qxd3 exd3 44. Kf3 Kd6 45. gxf5 Bxf5 46. h4 Kc5 47.
Ke3 Kc4 48. Kd2 Kc5 49. Ke3 Kc4 50. Kd2 Kc5 51. Ke3 1/2-1/2

[Event "OLNN 1819 SK Marmstorf - SC Diogenes"]
[Site "?"]
[Date "2019.04.07"]
[Round "9.4"]
[White "Mueller, Jan-Hendrik"]
[Black "Stephan, Axel"]
[Result "1/2-1/2"]
[WhiteElo "2137"]
[BlackElo "2183"]
[PlyCount "54"]
[EventDate "2019.??.??"]

1. c4 e6 2. g3 d5 3. Bg2 g6 4. Nf3 Bg7 5. O-O Ne7 6. d3 O-O 7. Nbd2 b6 8. Rb1
a5 9. b3 c5 10. Bb2 Nbc6 11. Bxg7 Kxg7 12. cxd5 exd5 13. a3 Bg4 14. Qc2 Qd6 15.
e4 Bxf3 16. Nxf3 Rad8 17. Rfd1 Qf6 18. Re1 Nd4 19. Nxd4 Qxd4 20. Rbd1 h5 21.
exd5 Nxd5 22. Re4 Qc3 23. Rc4 Qxc2 24. Rxc2 Ne7 25. b4 axb4 26. axb4 cxb4 27.
Rc4 Nd5 1/2-1/2

[Event "OLNN 1819 SK Marmstorf - SC Diogenes"]
[Site "?"]
[Date "2019.04.07"]
[Round "9.5"]
[White "Gottuk, Stefan"]
[Black "Mueller, Tobias"]
[Result "0-1"]
[WhiteElo "2124"]
[BlackElo "2104"]
[PlyCount "70"]
[EventDate "2019.??.??"]

1. e4 c5 2. Be2 Nc6 3. d3 g6 4. f4 Bg7 5. Nf3 d6 6. O-O e6 7. c3 Nge7 8. Be3 f5
9. Nbd2 O-O 10. Qe1 b5 11. a3 a5 12. Qh4 Rb8 13. Ng5 h6 14. Ngf3 b4 15. axb4
axb4 16. Ra2 Bb7 17. c4 Qc7 18. e5 Ra8 19. Rfa1 Rxa2 20. Rxa2 Ra8 21. Rxa8+
Bxa8 22. b3 dxe5 23. fxe5 g5 24. Qf2 g4 25. Ne1 Bxe5 26. Qh4 Bf4 27. Nf1 Bxe3+
28. Nxe3 Qf4 29. N3c2 Kf7 30. h3 Ng6 31. Qh5 Nd4 32. Bxg4 fxg4 33. Qxc5 Ne2+
34. Kh1 Qf1+ 35. Kh2 g3# 0-1

[Event "OLNN 1819 SK Marmstorf - SC Diogenes"]
[Site "?"]
[Date "2019.04.07"]
[Round "9.6"]
[White "Hohlbein, Michael"]
[Black "Mueller, Dominik"]
[Result "1-0"]
[WhiteElo "2108"]
[BlackElo "2181"]
[PlyCount "61"]
[EventDate "2019.??.??"]

1. e4 e6 2. d4 d5 3. e5 c5 4. c3 Nc6 5. Be3 Nge7 6. Bd3 Nf5 7. Nf3 cxd4 8. cxd4
Nxe3 9. fxe3 Nb4 10. Be2 Be7 11. O-O O-O 12. Nc3 f5 13. exf6 gxf6 14. a3 Nc6
15. Rc1 f5 16. Bd3 Bd7 17. Ne2 Bd6 18. Nf4 Qb6 19. Ng5 Rae8 20. Qh5 Re7 21.
Ngxe6 Bxe6 22. Nxe6 Rxe6 23. Rxf5 Qc7 24. Qg4+ Rg6 25. Rxf8+ Bxf8 26. Bxg6 hxg6
27. Qxg6+ Bg7 28. Qe6+ Qf7 29. Qc8+ Kh7 30. Rf1 Qe7 31. Qf5+ 1-0

[Event "OLNN 1819 SK Marmstorf - SC Diogenes"]
[Site "?"]
[Date "2019.04.07"]
[Round "9.7"]
[White "Kalla, Christian"]
[Black "Diekmann, Jens"]
[Result "1/2-1/2"]
[WhiteElo "1998"]
[BlackElo "2051"]
[PlyCount "74"]
[EventDate "2019.??.??"]

1. e4 c5 2. c3 d5 3. exd5 Qxd5 4. d4 cxd4 5. cxd4 Nc6 6. Nf3 e5 7. Nc3 Bb4 8.
Bd2 Bxc3 9. Bxc3 e4 10. Ne5 Nxe5 11. dxe5 Ne7 12. Qe2 O-O 13. g3 Rd8 14. Bg2
Bf5 15. O-O Rac8 16. Rfe1 Qe6 17. Bxe4 Nd5 18. Bxf5 Qxf5 19. Rad1 Nxc3 20. bxc3
h6 21. Rd6 Re8 22. Qe3 b6 23. Qd4 Re7 24. Rd8+ Kh7 25. Rxc8 Qxc8 26. Rd1 Rc7
27. Rd3 Rc4 28. Qd7 Rxc3 29. Qxc8 Rxc8 30. Rd7 Kg6 31. Rxa7 Re8 32. f4 f6 33.
Rb7 Re6 34. g4 Kh7 35. f5 Rxe5 36. Rxb6 Re2 37. Ra6 h5 1/2-1/2

[Event "OLNN 1819 SK Marmstorf - SC Diogenes"]
[Site "?"]
[Date "2019.04.07"]
[Round "9.8"]
[White "Anderberg, Peter"]
[Black "Apitzsch, Leon Fabian"]
[Result "1/2-1/2"]
[WhiteElo "2006"]
[BlackElo "1971"]
[PlyCount "73"]
[EventDate "2019.??.??"]

1. d4 d5 2. c4 c6 3. Nf3 Nf6 4. e3 Bf5 5. Bd3 Bxd3 6. Qxd3 e6 7. Nc3 Bb4 8. O-O
Nbd7 9. Bd2 O-O 10. a3 Bd6 11. e4 dxe4 12. Nxe4 Nxe4 13. Qxe4 Nf6 14. Qh4 c5
15. dxc5 Bxc5 16. Rfd1 Qe7 17. Bg5 Rfd8 18. b4 Rxd1+ 19. Rxd1 Rd8 20. Rd2 Bb6
21. c5 Bc7 22. Bxf6 Rxd2 23. Nxd2 Qxf6 24. Qe4 Qd8 25. Nf1 Qd7 26. g3 Bd8 27.
Ne3 f5 28. Qc4 g6 29. b5 Bc7 30. c6 bxc6 31. bxc6 Qd6 32. Qa6 Bb6 33. Qc8+ Kg7
34. a4 Bxe3 35. fxe3 Qd1+ 36. Kf2 Qd2+ 37. Kf1 1/2-1/2

[Event "OLNN 1819 Hamburger SK III - FC St. Pau"]
[Site "?"]
[Date "2019.04.07"]
[Round "9.1"]
[White "Trisic, Aleksandar"]
[Black "Pajeken, Jakob Leon"]
[Result "0-1"]
[WhiteElo "2307"]
[BlackElo "2342"]
[PlyCount "84"]
[EventDate "2019.??.??"]

1. Nf3 d5 2. b3 Bg4 3. Bb2 Nf6 4. g3 Nbd7 5. Bg2 e6 6. O-O Bd6 7. c4 c6 8. d3
O-O 9. Nbd2 a5 10. Qc2 a4 11. bxa4 Nc5 12. Bd4 Qe7 13. Rfc1 Nxa4 14. c5 Bc7 15.
Ne5 Bxe5 16. Bxe5 Ne8 17. f3 Bh5 18. Rab1 f6 19. Bd4 e5 20. Ba1 Bf7 21. e3 f5
22. a3 Ra5 23. d4 f4 24. Rb4 fxe3 25. Nb3 Bg6 26. Qe2 exd4 27. Bxd4 Ra7 28. Re1
Nc7 29. Qd1 Nb5 30. Rxe3 Qd7 31. Be5 Nxa3 32. Bd6 Re8 33. Rxe8+ Qxe8 34. h4 Nc3
35. Qd2 Ncb1 36. Qg5 h6 37. Qc1 Nc2 38. Rg4 Nc3 39. Kh2 Bf5 40. Qd2 Bxg4 41.
Qxc2 Ra2 42. Qxc3 Qe2 0-1

[Event "OLNN 1819 Hamburger SK III - FC St. Pau"]
[Site "?"]
[Date "2019.04.07"]
[Round "9.2"]
[White "Zieher, Hartmut"]
[Black "Pajeken, Wolfgang"]
[Result "1/2-1/2"]
[WhiteElo "2154"]
[BlackElo "2262"]
[PlyCount "50"]
[EventDate "2019.??.??"]

1. e4 e5 2. Nf3 Nc6 3. Bb5 a6 4. Ba4 g6 5. c3 Bg7 6. d4 exd4 7. cxd4 b5 8. Bb3
Nge7 9. O-O O-O 10. Nc3 d6 11. h3 Na5 12. Bc2 c5 13. Bf4 Nc4 14. b3 Na3 15. Rc1
Nc6 16. Be3 Bb7 17. Nd5 Nxc2 18. Rxc2 cxd4 19. Nxd4 Ne7 20. Bg5 Bxd5 21. exd5
Qd7 22. Bxe7 Qxe7 23. Re1 Qf6 24. Nc6 Rfe8 25. Rce2 Rxe2 1/2-1/2

[Event "OLNN 1819 Hamburger SK III - FC St. Pau"]
[Site "?"]
[Date "2019.04.07"]
[Round "9.3"]
[White "Priebe, Jan"]
[Black "Bracker, Arne"]
[Result "1/2-1/2"]
[WhiteElo "2204"]
[BlackElo "2199"]
[PlyCount "43"]
[EventDate "2019.??.??"]

1. e4 e5 2. Nf3 Nc6 3. Bb5 Nf6 4. O-O Nxe4 5. Re1 Nd6 6. Nxe5 Be7 7. Bf1 Nf5 8.
c3 O-O 9. d4 Nxe5 10. Rxe5 d6 11. Re1 d5 12. Bf4 Bd6 13. Qf3 Nh4 14. Qg3 Nf5
15. Qf3 Bxf4 16. Qxf4 Qd6 17. Qxd6 Nxd6 18. Bd3 Bf5 19. Bxf5 Nxf5 20. Nd2 Rfe8
21. f3 c6 22. Kf2 1/2-1/2

[Event "OLNN 1819 Hamburger SK III - FC St. Pau"]
[Site "?"]
[Date "2019.04.07"]
[Round "9.4"]
[White "Woelk, Tom-Frederic"]
[Black "Breyther, Ruediger"]
[Result "1/2-1/2"]
[WhiteElo "2263"]
[BlackElo "2239"]
[PlyCount "74"]
[EventDate "2019.??.??"]

1. e4 c5 2. Nf3 e6 3. Nc3 Nc6 4. d4 cxd4 5. Nxd4 Qc7 6. g3 a6 7. Bg2 Nf6 8. O-O
Nxd4 9. Qxd4 Bc5 10. Qd3 Ng4 11. Qe2 h5 12. Kh1 b5 13. f3 Ne5 14. Bf4 d6 15.
Rad1 Bb7 16. a3 Rc8 17. Na2 Qe7 18. Rfe1 g5 19. Bxe5 dxe5 20. c3 h4 21. g4 O-O
22. Rd3 Rfd8 23. Red1 Bb6 24. Nb4 f6 25. h3 Rxd3 26. Qxd3 Rd8 27. Qe2 Rxd1+ 28.
Qxd1 Qc5 29. Qe1 Kf8 30. Nd3 Qd6 31. Nf2 Ke7 32. Bf1 Ba7 33. Kg2 Qb6 34. Bd3
Bc6 35. Qe2 Bd7 36. Qd2 Qd6 37. Qe2 Qb6 1/2-1/2

[Event "OLNN 1819 Hamburger SK III - FC St. Pau"]
[Site "?"]
[Date "2019.04.07"]
[Round "9.5"]
[White "Perez De Miguel, Alvaro"]
[Black "Bente, Bjoern"]
[Result "1-0"]
[WhiteElo "2281"]
[BlackElo "2253"]
[PlyCount "119"]
[EventDate "2019.??.??"]

1. d4 Nf6 2. Nf3 e6 3. c4 d5 4. Nc3 Be7 5. Bf4 O-O 6. e3 Nbd7 7. c5 c6 8. Bd3
Nh5 9. Qc2 g6 10. O-O Nxf4 11. exf4 b6 12. b4 a5 13. a3 Ba6 14. Bxa6 Rxa6 15.
b5 Ra8 16. bxc6 Nb8 17. Na4 bxc5 18. Nxc5 Qc7 19. Ne5 Bxc5 20. Qxc5 f6 21. Nd3
Ra6 22. Rac1 Rxc6 23. Qb5 Rc8 24. g3 Qa7 25. Rc5 Qa6 26. Rb1 Qxb5 27. Rbxb5
Rxc5 28. Nxc5 Nc6 29. Nxe6 Kf7 30. f5 gxf5 31. Nf4 Nxd4 32. Rxa5 Ne6 33. Nxd5
Rc4 34. Kg2 f4 35. a4 fxg3 36. hxg3 Nc5 37. Ne3 Rc3 38. Nd5 Rc4 39. Ra7+ Ke6
40. Nf4+ Kd6 41. a5 Ra4 42. Kf3 Ra2 43. Ra8 f5 44. Rd8+ Nd7 45. Ra8 Ne5+ 46.
Kg2 Ng4 47. Nh3 h6 48. a6 Kc7 49. Kf3 Ra4 50. Ra7+ Kb6 51. Ra8 Ne5+ 52. Ke3
Ng4+ 53. Ke2 Ra5 54. Kf3 Ne5+ 55. Kf4 Nd3+ 56. Ke3 Ne5 57. Re8 Nc4+ 58. Kf4 Nd6
59. Re6 Kc5 60. Re5+ 1-0

[Event "OLNN 1819 Hamburger SK III - FC St. Pau"]
[Site "?"]
[Date "2019.04.07"]
[Round "9.6"]
[White "Bach, Matthias"]
[Black "Richter, Maik"]
[Result "1-0"]
[WhiteElo "2297"]
[BlackElo "2171"]
[PlyCount "45"]
[EventDate "2019.??.??"]

1. d4 f5 2. e4 fxe4 3. Nc3 Nf6 4. f3 d5 5. fxe4 dxe4 6. Bg5 g6 7. Qd2 Bg7 8.
Bc4 Nc6 9. O-O-O Bg4 10. Bxf6 Bxf6 11. Nge2 Na5 12. Bd5 c6 13. Bxe4 Qb6 14. Qd3
O-O-O 15. Bf3 Be6 16. Qe4 Bf7 17. Qf4 Qc7 18. Qxc7+ Kxc7 19. b3 b6 20. Ne4 Nb7
21. Nf4 Bxd4 22. Rhe1 Bf6 23. Nxf6 1-0

[Event "OLNN 1819 Hamburger SK III - FC St. Pau"]
[Site "?"]
[Date "2019.04.07"]
[Round "9.7"]
[White "Mitscherling, Andreas"]
[Black "Malkiel, Daniel"]
[Result "1/2-1/2"]
[WhiteElo "2175"]
[BlackElo "2183"]
[PlyCount "28"]
[EventDate "2019.??.??"]

1. d4 e6 2. Bf4 d5 3. e3 Bd6 4. Bg3 Nf6 5. Nd2 O-O 6. Ngf3 b6 7. Bd3 Bb7 8. O-O
Bxg3 9. hxg3 c5 10. c3 Nbd7 11. Qe2 Re8 12. Ne5 a6 13. Rad1 Nxe5 14. dxe5 Nd7
1/2-1/2

[Event "OLNN 1819 Hamburger SK III - FC St. Pau"]
[Site "?"]
[Date "2019.04.07"]
[Round "9.8"]
[White "Kotyk, Michael"]
[Black "Schuetze, Michael"]
[Result "0-1"]
[WhiteElo "1960"]
[BlackElo "2189"]
[PlyCount "70"]
[EventDate "2019.??.??"]

1. d4 f5 2. e4 fxe4 3. Nc3 Nf6 4. Bg5 Nc6 5. d5 Ne5 6. Qe2 c6 7. f4 Nf7 8. Bxf6
exf6 9. Nxe4 Qa5+ 10. c3 Kd8 11. dxc6 bxc6 12. Nf3 d5 13. Qd2 Kc7 14. Ng3 Rb8
15. a3 Bd6 16. b4 Re8+ 17. Kf2 Qb6+ 18. Nd4 g5 19. Nh5 Re4 20. fxg5 fxg5 21.
Re1 Rh4 22. Be2 Be5 23. g3 Bxd4+ 24. cxd4 Rxd4 25. Qe3 Nd6 26. Bf3 Nf5 27. Qe5+
Kb7 28. Kg2 Rd3 29. h4 Ne3+ 30. Kh2 Rd2+ 31. Be2 Rxe2+ 32. Rxe2 Ng4+ 33. Kg2
Nxe5 34. Rxe5 Qd4 35. Re7+ Kb6 0-1

[Event "OLNN 1819 SC Königsspringer HH - Schach"]
[Site "?"]
[Date "2019.04.07"]
[Round "9.1"]
[White "Sawatzki, Frank"]
[Black "Pfreundt, Jakob"]
[Result "1/2-1/2"]
[WhiteElo "2385"]
[BlackElo "2381"]
[PlyCount "106"]
[EventDate "2019.??.??"]

1. e4 e5 2. Nf3 Nf6 3. Nxe5 d6 4. Nf3 Nxe4 5. Bd3 Nf6 6. O-O Be7 7. Re1 O-O 8.
h3 Re8 9. c3 Bf8 10. Bc2 Rxe1+ 11. Qxe1 Qe7 12. Qf1 b6 13. d4 Bb7 14. Bg5 h6
15. Bxf6 Qxf6 16. Qd3 g6 17. Nbd2 Nd7 18. Re1 Qd8 19. Bb3 Kg7 20. Ne4 Nf6 21.
Nxf6 Qxf6 22. d5 Bc8 23. Ba4 Bf5 24. Qd4 a6 25. Bc6 Rd8 26. a4 h5 27. b4 Qxd4
28. Nxd4 Bd3 29. Re3 Bc4 30. g4 hxg4 31. hxg4 Kg8 32. f4 Rc8 33. Nf3 Bg7 34.
Kf2 a5 35. Ke1 Rd8 36. Kd2 Kf8 37. Kc2 Ba6 38. Kb3 Bc8 39. g5 Ba6 40. Nd2 axb4
41. Kxb4 f5 42. Nc4 Kf7 43. Na3 Rh8 44. Kb3 Rh4 45. Be8+ Kg8 46. Bxg6 Rxf4 47.
Re8+ Bf8 48. Nb5 Bxb5 49. axb5 Kg7 50. Re6 Rg4 51. Bxf5 Rxg5 52. Be4 Kf7 53.
Bf3 Re5 1/2-1/2

[Event "OLNN 1819 SC Königsspringer HH - Schach"]
[Site "?"]
[Date "2019.04.07"]
[Round "9.2"]
[White "Zimmermann, Julian"]
[Black "Bokelbrink, Uwe"]
[Result "1-0"]
[WhiteElo "2292"]
[BlackElo "2295"]
[PlyCount "80"]
[EventDate "2019.??.??"]

1. e4 c5 2. Nf3 e6 3. b3 a6 4. Bb2 Nc6 5. Qe2 Nf6 6. Nc3 e5 7. O-O-O d6 8. h3
Be7 9. Kb1 b5 10. Nd5 Nxd5 11. exd5 Nb4 12. g3 Nxd5 13. Bg2 Be6 14. d4 cxd4 15.
Nxd4 exd4 16. Rxd4 Nf6 17. Bc6+ Kf8 18. Bxa8 Qxa8 19. Re1 d5 20. g4 h5 21. f3
hxg4 22. hxg4 Qb7 23. Rdd1 Qc7 24. Rh1 Rg8 25. Qd3 Nd7 26. Rde1 Qb6 27. f4 Bxg4
28. Qxd5 Be6 29. Rxe6 fxe6 30. Qxd7 Qd6 31. Qa7 Kf7 32. Re1 Rc8 33. Qe3 Qc6 34.
Qe2 Bb4 35. Rd1 Bc3 36. Bxc3 Qxc3 37. Rd7+ Kf6 38. Rd6 Re8 39. f5 Kxf5 40. Rd3
Qc6 1-0

[Event "OLNN 1819 SC Königsspringer HH - Schach"]
[Site "?"]
[Date "2019.04.07"]
[Round "9.3"]
[White "Neffe, Axel"]
[Black "Rosmann, Ilja"]
[Result "0-1"]
[WhiteElo "2205"]
[BlackElo "2319"]
[PlyCount "86"]
[EventDate "2019.??.??"]

1. e4 c5 2. Nf3 Nc6 3. Nc3 e5 4. Bc4 d6 5. d3 h6 6. Nd2 Nf6 7. Nf1 Bg4 8. f3
Be6 9. Ne3 Be7 10. O-O O-O 11. Ncd5 Rb8 12. c3 b5 13. Bb3 Na5 14. Bc2 Nxd5 15.
exd5 Bd7 16. b4 Nb7 17. Rb1 a5 18. a3 Qb6 19. Kh1 axb4 20. axb4 cxb4 21. cxb4
Qd4 22. Re1 f5 23. Bb2 Qxb4 24. d4 e4 25. fxe4 fxe4 26. Bxe4 Bg5 27. Qh5 Be8
28. Qh3 Nc5 29. Bc2 Na4 30. Ba1 Qd2 31. Bf5 Kh8 32. Rbd1 Qf2 33. Be6 Bxe3 34.
Qxe3 Qxe3 35. Rxe3 Bg6 36. Bd7 Nb6 37. Bc6 b4 38. Rc1 Nc4 39. Ree1 Nd2 40. Re6
Nb3 41. Rce1 Nxa1 42. Rxg6 b3 43. Kg1 Nc2 0-1

[Event "OLNN 1819 SC Königsspringer HH - Schach"]
[Site "?"]
[Date "2019.04.07"]
[Round "9.4"]
[White "Schmidt, Jan-Peter"]
[Black "Hermesmann, Hans"]
[Result "1/2-1/2"]
[WhiteElo "2242"]
[BlackElo "2237"]
[PlyCount "83"]
[EventDate "2019.??.??"]

1. Nf3 Nf6 2. c4 g6 3. g3 Bg7 4. Bg2 O-O 5. d4 d6 6. Nc3 Nc6 7. O-O e5 8. d5
Nb8 9. e4 a5 10. Rb1 Na6 11. b3 Nc5 12. Ne1 Bd7 13. Nd3 Ne8 14. Be3 b6 15. a3
f5 16. f3 f4 17. Bf2 h5 18. b4 axb4 19. axb4 Nxd3 20. Qxd3 Rf7 21. Ra1 Bf8 22.
Nb5 g5 23. Kh1 Rxa1 24. Rxa1 Qf6 25. gxf4 Qxf4 26. Rg1 Rg7 27. Nc3 Qf7 28. Nd1
Rg6 29. Ne3 Ng7 30. Be1 Qf6 31. Qf1 Qf4 32. Bd2 g4 33. fxg4 hxg4 34. Qe1 Qg5
35. Nf5 Qh5 36. Ng3 Qh4 37. Rf1 Rf6 38. Kg1 Rxf1+ 39. Qxf1 Qh7 40. Qf6 Ne8 41.
Qg5+ Qg7 42. Nh5 1/2-1/2